History Quiz

Random History or Century Quiz

Three Forties Decades Quiz Stats

 Plays Quiz Updated Jun 6, 2019

Score 0/30 Timer 08:00
0 Plays Today
Date Answer % Correct
August 17, 1740Pope
91.8%
August 9, 1945Nagasaki
85.7%
July 25, 1943Benito Mussolini
84.9%
February 10, 1840Victoria
84.2%
August 29, 1842Hong Kong
82.6%
October 28, 1746Lima
82.1%
March 25, 1748London
81.9%
December 14, 1847Emily and Anne Brontë
80.5%
July 28, 1741Antonio Vivaldi
79.7%
August 3, 1846Abraham Lincoln
79.4%
November 2, 1948Harry S. Truman
78.3%
April 13, 1742George Friedrich Handel
76.3%
June 6, 1944Omaha and Utah
75.6%
Late 1849Harriet Tubman
73%
November 25, 1843Etna
71.3%
Date Answer % Correct
April 4, 1841William Henry Harrison
67.1%
August 15, 1947India
62.8%
June 9, 1747Japan
62.6%
June 4-7, 1942Midway
62%
October 19, 1745Jonathan Swift
61.3%
March 1, 1744comet
54.8%
October 15, 1946Hermann Göring
46.9%
May 1845Frederick Douglass
45.8%
February 28, 1844Potomac
45.3%
December 10, 1949Chiang Kai-shek
44.1%
September 28, 1941Ted Williams
42.4%
January 3, 1749Denmark
36.3%
February 29, 1940Hattie McDaniel
32.3%
September 13, 1743Treaty of Worms
32%
March 13, 1848Klemens von Metternich
18.5%

You're not logged in!

Compare scores with friends on all Sporcle quizzes.
OR
Log In

Sporcle TV

Today on Sporcle TV


Watch our educational content, quiz creation guides, and fun videos on Sporcle TV.

Show Comments

Extras

Top Quizzes Today


Score Distribution

Your Account Isn't Verified!

In order to create a playlist on Sporcle, you need to verify the email address you used during registration. Go to your Sporcle Settings to finish the process.

Report this User

Report this user for behavior that violates our Community Guidelines.

Details: